000 03216nab a2200289 4500
003 BR-BrBNA
005 20231006091418.0
008 231006b bl.||||| |||| 00| 0 por d
040 _aBR-BrBNA
_bpor
072 _aE11
100 _aBorsatto, Ricardo Serra
100 _aCarmo, Maristela Simões do
100 _aBergamasco, Sonia Maria Pessoa Pereira
100 _aSilva, Anderson Antonio da
100 _aProcopio, Francine de Camargo
245 _aAvaliação da aderência à agroecologia no assentamento 23 de maio, Itapetininga-SP
500 _aSummaries (En, Pt); 19 ref.
520 _aResumo: O presente trabalho teve como objetivo avaliar como os agricultores do assentamento 23 de Maio (Itapetininga-SP) vêm se apropriando do discurso difundido pelo Movimento dos Trabalhadores Rurais Sem Terra (MST) que incentiva a adoção de práticas agroecológicas dentro dos assentamentos rurais. Para tanto foi utilizado o Sistema de Avaliação de Aderência à Agroecologia(SAAGRO), idealizado para esta pesquisa, que se caracteriza por ser uma metodologia capaz de efetuar avaliações sócio-ambientais em assentamentos rurais e, concomitantemente, apoiar os agricultores em sua transição rumo à construção de territórios mais sustentáveis. Os resultados de sua aplicação de mostraram que, no caso do 23 de maio, houve uma Moderada Aderência, sendo necessárias ações para a melhoria dos indicadores. A metodologia permitiu a elaboração de uma lista com propostas de intervenções que auxiliaram os assentados no planejamento de suas ações.
520 _aAbstract: The purpose of this paper is to examine adaptation strategies that have been adopted by farmers of the 23 de Maio Settlement, located in Itapetininga (SP), in order to meet the goals and principles of the Land less Rural Workers Movement (MST) discourse which promotes theim plementation of agroecological practices in rural settlements. This study applied a conceptual model for participatory evaluation, namely the Evaluation System of the Adherence to Agroecology (SAAGRO), which was designed to conduct this research, characterized by a method logical approach for evaluating social and socio-environmental aspects in rural settlements, and was likewise aimed at supporting those farmers in the process of transition towards sustainability and the sustainable development of rural areas. The results showed that in the case of the 23 de Maio Settlement there was a moderate adherence to the principles, which requires essential actions to improve the indicators. The methodology allowed for the creation of a list of proposals for interventions designed to assist settlers to develop and implement their action plans
650 _aAGROECOLOGIA
650 _aASSENTAMENTO RURAL
650 _aITAPETININGA
_aSÃO PAULO
773 0 _09807
_925564
_dAraraquara, SP (Brasil) UNIARA. Nupedor 1994-
_o2023-436129
_tRetratos de Assentamentos (Brasil)/
_x1516-8182
_gv. 14(2) 2011 p. 263-281
_wBR2023001937
856 _uhttps://retratosdeassentamentos.com/index.php/retratos/article/view/104/92
942 _cAnalitica
999 _c86418
_d86418